| 000 | 00706nam a2200241Ia 4500 | ||
|---|---|---|---|
| 003 | OSt | ||
| 005 | 20221005115809.0 | ||
| 006 | a|||||r|||| 00| 0 | ||
| 007 | ta | ||
| 008 | 221004b |||||||| |||| 00| 0 eng d | ||
| 024 | _a34939 | ||
| 037 | _cTextual | ||
| 040 |
_aCRL _cCRL _beng |
||
| 041 |
_2eng _aeng |
||
| 082 | _aZ3:181tN45, H5-;1 | ||
| 110 |
_aBoard of trade ,company law amendment(Committee on-). _9628127 |
||
| 245 | 0 |
_aCommittee on Board of Trade, Company Law Amendment _b Report |
|
| 260 | _c1945 | ||
| 650 | _aLAW | ||
| 700 |
_aBoard of trade ,company law amendment(Committee on-). _9628128 |
||
| 942 |
_hZ3:181tN45, H5-;1 _cTEXL _2cc |
||
| 999 |
_c1035945 _d1035945 |
||